| 000 | 00874nam a2200277Ia 4500 | ||
|---|---|---|---|
| 001 | Para_7903 | ||
| 003 | CHAP | ||
| 008 | 220125s9999 xx 000 0 und d | ||
| 010 | _a206852 | ||
| 040 | _cCHAP | ||
| 082 | _aPA-C 595.75 H4 | ||
| 100 |
_aHungerford, H.B. _956910 |
||
| 245 |
_aThree new velia from south America / _c by H.B. Hungerford |
||
| 300 | _a5 p. | ||
| 440 |
_aHemiptera; 8 _9172879 |
||
| 500 | _aSobretiro de: Journal Kansas Entomological Society 3 (1): 23-27, 1930. Encuadernado con otros impresos similares | ||
| 650 |
_a _x HemÃpteros _x colecciones de escritos _x Veliidae _9172891 |
||
| 710 |
_aJournal Kansas Entomological Society 3 (1) _9172074 |
||
| 901 | _aPA-C 595.75 H4 | ||
| 902 | _aA | ||
| 905 | _a000000 0000000000 00 | ||
| 910 | _a | ||
| 942 | _cPARA | ||
| 942 |
_cPARA _d1 |
||
| 999 |
_c206852 _d206852 |
||